00637nam a2200229Ia 4500008004100000020001800041050001600059100001800075245003400093245002100127260001500148260001200163260000900175300001600184300002000200300001000220300003800230440000600268500000800274999001900282952010600301170918s9999 xx 000 0 und d a9781423101499 bR585ba 2008 aRiordan, Rick 4aThe battle of the labyrinth / cby Rick Riordan. aNew York : bDisney, c2008 a361 pages : billustrations ; c19cm. ePercy Jackson and the Olympians ; a4 a590 c344057d344057 001040aSSISMbSSISMd2017-09-18l0oFIC R585ba 2008pSSISM3129r2017-09-18 00:00:00w2017-09-18yBK